Catálogo
 En Linea

Políticas públicas : (Registro nro. 51140)

Detalles MARC
000 -CABECERA
campo de control de longitud fija 01104nam a2200253 4500
003 - IDENTIFICADOR DEL NÚMERO DE CONTROL
campo de control DO-SdBNP
005 - FECHA Y HORA DE LA ÚLTIMA TRANSACCIÓN
campo de control 20220714095128.0
007 - CAMPO FIJO DE DESCRIPCIÓN FÍSICA--INFORMACIÓN GENERAL
campo de control de longitud fija ta
008 - DATOS DE LONGITUD FIJA--INFORMACIÓN GENERAL
campo de control de longitud fija 211228b2018 a|||e |||| 001 0aspa d
020 ## - NÚMERO INTERNACIONAL ESTÁNDAR DEL LIBRO
Número Internacional Estándar del Libro 9789945903522
040 ## - FUENTE DE LA CATALOGACIÓN
Centro catalogador/agencia de origen DO-SdBNP
Lengua de catalogación spa
Centro/agencia transcriptor BNPHU
082 #4 - NÚMERO DE LA CLASIFICACIÓN DECIMAL DEWEY
Número de clasificación 320.6
Número de documento/Ítem O999p
Número de edición 22
100 1# - ENTRADA PRINCIPAL--NOMBRE DE PERSONA
Nombre de persona Ozuna Martinez, Eddy Skinner
9 (RLIN) 80900
245 10 - MENCIÓN DE TÍTULO
Título Políticas públicas :
Resto del título sistemas de monitoreo en los servicios públicos : los reportes comunitarios como sistema de monitoreo y veeduría social de los servicios públicos de Progresando con Solidaridad (Prosoli) /
Mención de responsabilidad, etc. Eddy Skinner Ozuna Martinez
260 ## - PUBLICACIÓN, DISTRIBUCIÓN, ETC.
Lugar de publicación, distribución, etc. Santo Domingo :
Nombre del editor, distribuidor, etc. INAP,
Fecha de publicación, distribución, etc. 2018.
300 ## - DESCRIPCIÓN FÍSICA
Extensión 155 p. :
Otras características físicas il., grafcs., mapas ;
Dimensiones 21 cm.
500 ## - NOTA GENERAL
Nota general Ensayo ganador del segundo lugar Concurso Nacional de Investigación en Administración Pública.<br/><br/>
500 ## - NOTA GENERAL
Nota general Incluye datos biográficos del autor en la solapa de la cubierta del libro.
590 ## - NOTA LOCAL (RLIN)
Nota local Inventariado, 2021 / SA
650 #4 - PUNTO DE ACCESO ADICIONAL DE MATERIA--TÉRMINO DE MATERIA
Término de materia o nombre geográfico como elemento de entrada Política y gobierno.
Subdivisión geográfica Republica Dominicana
9 (RLIN) 80901
650 #4 - PUNTO DE ACCESO ADICIONAL DE MATERIA--TÉRMINO DE MATERIA
Término de materia o nombre geográfico como elemento de entrada Servicios públicos.
9 (RLIN) 80902
910 ## - DATOS DE OPCIÓN DEL USUARIO (OCLC)
Datos de opción del usuario Saquino
942 ## - ELEMENTOS DE PUNTO DE ACCESO ADICIONAL (KOHA)
Fuente del sistema de clasificación o colocación Dewey Decimal Classification
Tipo de ítem Koha Libro
Existencias
Estado de retiro Estado de pérdida Fuente del sistema de clasificación o colocación Restricciones de uso No para préstamo Código de colección Localización permanente Ubicación/localización actual Ubicación en estantería Fecha de adquisición Fuente de adquisición Signatura topográfica completa Código de barras Fecha visto por última vez Precio válido a partir de Tipo de ítem Koha Total de préstamos Número de copia
    Dewey Decimal Classification Excluido de préstamo   Patrimonio Dominicano Biblioteca Nacional Pedro Henríquez Ureña Biblioteca Nacional Pedro Henríquez Ureña En catalogación 09.12.2019 Donado BNPHU PD 320.6 O999p 2021-28634 28.12.2021 28.12.2021 Libro    
    Dewey Decimal Classification Excluido de préstamo   Patrimonio Dominicano Biblioteca Nacional Pedro Henríquez Ureña Biblioteca Nacional Pedro Henríquez Ureña En catalogación 14.07.2022 Depósito Legal BNPHU PD 320.6 O999p 2022-3434 14.07.2022 14.07.2022 Libro   e.2
    Dewey Decimal Classification Préstamo en sala   Dominicana de Servicio Biblioteca Nacional Pedro Henríquez Ureña Biblioteca Nacional Pedro Henríquez Ureña En catalogación 14.07.2022 Depósito Legal BNPHU DS 320.6 O999p 2022-3435 14.07.2022 14.07.2022 Libro   e.3
    Dewey Decimal Classification Préstamo en sala   Dominicana de Servicio Biblioteca Nacional Pedro Henríquez Ureña Biblioteca Nacional Pedro Henríquez Ureña En catalogación 14.07.2022 Depósito Legal BNPHU DS 320.6 O999p 2022-3436 14.07.2022 14.07.2022 Libro   e.4

Con tecnología Koha